Click with friends : angličtina : pro 5. ročník základní školy /

Hlavní autor: Karásková, Miluška
Další autoři: Šádek, Jiří, Dvořáková, Kateřina, 1974-, Slánská, Zuzana, Talaber, Lucie, 1990-
Jazyk: Čeština
Angličtina
Vydáno: Plzeň : Fraus, 2022
Vydání: 1. vydání
Edice: Škola s nadhledem
Témata:
Fyzický popis: 3 svazky : ilustrace (převážně barevné), mapy ; 30 cm
Odebírané svazky: učebnice, pracovní sešit, příručka učitele
Knihy
Uloženo v:
LEADER 02922nam a2200649 ia4500
001 nkc20223424079
003 CZ PrNK
005 20221222124326.0
007 ta
008 220610s2022 xr ab c p 000 0 cze
015 |a cnb003424079 
020 |a 978-80-7489-770-2  |q (hybridní učebnice ;  |q brožováno) 
020 |a 978-80-7489-771-9  |q (hybridní pracovní sešit ;  |q brožováno) 
020 |a 978-80-7489-772-6  |q (příručka učitele ;  |q brožováno) 
035 |a (OCoLC)1335743776 
040 |a ABA001  |b cze  |d OLA001  |e rda 
041 0 |a cze  |a eng 
072 7 |a 811.111  |x Angličtina  |2 Konspekt  |9 11 
072 7 |a 37.016  |x Učební osnovy. Vyučovací předměty. Učebnice  |2 Konspekt  |9 22 
080 |a 811.111  |2 MRF 
080 |a (075.2)  |2 MRF 
080 |a (076.1)  |2 MRF 
080 |a (072)  |2 MRF 
100 1 |a Karásková, Miluška  |7 ola2003191628  |4 aut 
245 1 0 |a Click with friends :  |b angličtina : pro 5. ročník základní školy /  |c autoři: Miluška Karásková, Jiří Šádek, Kateřina Dvořáková ; ilustrace: Zuzana Slánská, Lucie Jašková 
246 3 0 |a Angličtina pro 5. ročník základní školy 
246 1 4 |a Click with friends 3 
250 |a 1. vydání 
264 1 |a Plzeň :  |b Fraus,  |c 2022 
300 |a 3 svazky :  |b ilustrace (převážně barevné), mapy ;  |c 30 cm 
336 |a text  |b txt  |2 rdacontent 
336 |a statický obraz  |b sti  |2 rdacontent 
337 |a bez média  |b n  |2 rdamedia 
338 |a svazek  |b nc  |2 rdacarrier 
490 1 |a Škola s nadhledem 
500 |a Obsahuje QR a aktivační kódy s přístupem k rozšiřujícím materiálům 
505 0 |a Hybridní učebnice. 72 stran -- Hybridní pracovní sešit. 64 stran -- Příručka učitele. 112 stran 
650 0 7 |a angličtina  |7 ph114056  |2 czenas 
650 0 9 |a English language  |2 eczenas 
655 7 |a učebnice základních škol  |7 fd133773  |2 czenas 
655 7 |a pracovní sešity  |7 fd133116  |2 czenas 
655 7 |a metodické příručky  |7 fd132826  |2 czenas 
655 9 |a textbooks (elementary)  |2 eczenas 
655 9 |a activity books  |2 eczenas 
655 9 |a methodological manuals  |2 eczenas 
700 1 |a Šádek, Jiří  |7 ola2003191627  |4 aut 
700 1 |a Dvořáková, Kateřina,  |d 1974-  |7 xx0026440  |4 aut 
700 1 |a Slánská, Zuzana  |7 ola2018983306  |4 ill 
700 1 |a Talaber, Lucie,  |d 1990-  |7 xx0248445  |4 ill 
830 0 |a Škola s nadhledem  |0 s 
910 2 |a BOA001  |b 4-1487.571  |s učebnice, pracovní sešit, příručka učitele 
990 |a BK 
995 |a 01 
991 |b 202211  |c NOV 
996 6 |b 2610906148  |c 4-1487.571  |d 1, učebnice  |v 1  |l MZK  |r Sklad / do 1 hodiny  |n 1  |p p.v.  |w 001890015  |u 000010  |a 1  |e BOA001  |j MZK50  |s P 
996 6 |b 2610921923  |c 4-1487.571  |d 2, pracovní sešit  |v 2  |l MZK  |r Sklad / do 1 hodiny  |n 1  |p p.v.  |w 001890015  |u 000020  |a 1  |e BOA001  |j MZK50  |s P 
996 6 |b 2610921924  |c 4-1487.571  |d 3, příručka učitele  |v 3  |l MZK  |r Sklad / do 1 hodiny  |n 1  |p p.v.  |w 001890015  |u 000030  |a 1  |e BOA001  |j MZK50  |s P